000 00759nam a2200253Ia 4500
003 OSt
005 20220926034013.0
006 a|||||r|||| 00| 0
007 ta
008 220923b |||||||| |||| 00| 0 eng d
020 _a0844731196
037 _cGeneral Book
040 _aRTL
_cRTL
_beng
041 _2eng
_aeng
082 _aX:513-75(W).73.N7, L3
100 _aPosner Richard A
_957563
245 0 _aRegulation of advertising by the FTC
260 _aWashington
_bAEIPPR
_c1973
300 _a40p
_ccm.
490 _aAmerican Enterprise Institute for Public Policy Research, Evaluative Studies
650 _aAdvertising
942 _hX:513-75(W).73.N7, L3
_cGB
_2CC
999 _c658524
_d658524